Mort subite - Quels personnages d'Harry Potter sont à Gryffondor ? - Statistiques

Statistiques générales
  • Ce quiz a été pris 198 fois
  • Le résultat moyen est 10 sur 16
Answers on the Grid
Answers color-coded by a green-red scale on the quiz's grid according to % correct below.
Harry Potter
Ron Weasley
Drago Malefoy
Hermione Granger
Albus Dumbledore
Luna Lovegood
Severus Rogue
Cedric Diggory
Neville Londubat
Cho Chang
Ginny Weasley
Albus Severus Potter
Seamus Finnigan
Gregory Goyle
Minerva McGonagall
Fleur Delacour
Filius Flitwick
Pomona Chourave
Arthur Weasley
Rubeus Hagrid
Percy Weasley
Lavande Brown
Blaise Zabini
Dean Thomas
Garrick Ollivandef
Dobby
Fred Weasley
James Potter
Sirius Black
Bellatrix Lestrange
 
Statistiques - réponses
Réponse % Correct
Harry Potter
99%
Ron Weasley
95%
Hermione Granger
93%
Neville Londubat
75%
Albus Dumbledore
74%
Ginny Weasley
70%
James Potter
61%
Percy Weasley
61%
Fred Weasley
60%
Seamus Finnigan
59%
Minerva McGonagall
58%
Arthur Weasley
57%
Dean Thomas
51%
Sirius Black
48%
Lavande Brown
44%
Rubeus Hagrid
41%
Aucun quiz correspondant
Distribution des résultats
% des personnes avec chaque résultat
Percentile par nombre de réponses
Votre historique - résultats
Vous n’avez pas pris ce quiz